Communication engineering fundamentals / (Record no. 4415)
[ view plain ]
| 000 -LEADER | |
|---|---|
| fixed length control field | 00644nam a2200217 a 4500 |
| 001 - CONTROL NUMBER | |
| control field | 10744 |
| 003 - CONTROL NUMBER IDENTIFIER | |
| control field | BD-DhUAP |
| 005 - DATE AND TIME OF LATEST TRANSACTION | |
| control field | 20201109145132.0 |
| 008 - FIXED-LENGTH DATA ELEMENTS--GENERAL INFORMATION | |
| fixed length control field | 201109t2008 ii a 001 0 eng d |
| 020 ## - INTERNATIONAL STANDARD BOOK NUMBER | |
| International Standard Book Number | 9848090403 |
| 040 ## - CATALOGING SOURCE | |
| Original cataloging agency | BD-DhUAP |
| Transcribing agency | BD-DhUAP |
| Language of cataloging | Eng |
| Modifying agency | BD-DhUAP |
| 082 00 - DEWEY DECIMAL CLASSIFICATION NUMBER | |
| Edition number | 23 |
| Classification number | 621.382 SAM |
| 100 ## - MAIN ENTRY--PERSONAL NAME | |
| Personal name | Samad, M. Abdus. |
| 245 ## - TITLE STATEMENT | |
| Title | Communication engineering fundamentals / |
| Statement of responsibility, etc. | M. Abdus Samad. |
| 250 ## - EDITION STATEMENT | |
| Edition statement | 1st ed. |
| 260 ## - PUBLICATION, DISTRIBUTION, ETC. | |
| Place of publication, distribution, etc. | Dhaka : |
| Name of publisher, distributor, etc. | University grants commission, |
| Date of publication, distribution, etc. | c2008. |
| 300 ## - PHYSICAL DESCRIPTION | |
| Extent | 322 pages : |
| Other physical details | illustrations ; |
| Dimensions | 22 cm. |
| 650 ## - SUBJECT ADDED ENTRY--TOPICAL TERM | |
| Topical term or geographic name entry element | Wireless communication systems |
| 650 ## - SUBJECT ADDED ENTRY--TOPICAL TERM | |
| Topical term or geographic name entry element | Telecommunication systems. |
| 942 00 - ADDED ENTRY ELEMENTS (KOHA) | |
| Source of classification or shelving scheme | |
| Koha item type | Book |
| Withdrawn status | Lost status | Source of classification or shelving scheme | Damaged status | Not for loan | Permanent Location | Current Location | Shelving location | Date acquired | Full call number | Barcode | Date last seen | Copy number | Price effective from | Koha item type |
|---|---|---|---|---|---|---|---|---|---|---|---|---|---|---|
| UAP Central Library | UAP Central Library | Old Stacks | 2020-11-09 | 621.382 SAM | 3010010744 | 2020-11-09 | 1 | 2020-11-09 | Book | |||||
| UAP Central Library | UAP Central Library | Old Stacks | 2020-11-09 | 621.382 SAM | 3010010748 | 2021-01-10 | 2 | 2020-11-09 | Book | |||||
| UAP Central Library | UAP Central Library | Old Stacks | 2020-11-09 | 621.382 SAM | 3010010747 | 2021-01-10 | 3 | 2020-11-09 | Book | |||||
| UAP Central Library | UAP Central Library | Old Stacks | 2020-11-09 | 621.382 SAM | 3010010745 | 2021-01-10 | 4 | 2020-11-09 | Book | |||||
| UAP Central Library | UAP Central Library | Old Stacks | 2020-11-09 | 621.382 SAM | 3010010746 | 2021-01-10 | 5 | 2020-11-09 | Book | |||||
| UAP Central Library | UAP Central Library | Old Stacks | 2020-11-09 | 621.382 SAM | 3010010751 | 2021-01-10 | 6 | 2020-11-09 | Book | |||||
| UAP Central Library | UAP Central Library | Old Stacks | 2020-11-09 | 621.382 SAM | 3010010752 | 2021-01-10 | 8 | 2020-11-09 | Book | |||||
| UAP Central Library | UAP Central Library | Old Stacks | 2020-11-09 | 621.382 SAM | 3010010750 | 2021-01-10 | 9 | 2020-11-09 | Book | |||||
| UAP Central Library | UAP Central Library | Old Stacks | 2020-11-09 | 621.382 SAM | 3010010749 | 2021-01-10 | 10 | 2020-11-09 | Book | |||||
| UAP Central Library | UAP Central Library | Old Stacks | 2020-11-09 | 621.382 SAM | 3010010753 | 2021-01-10 | 7 | 2020-11-09 | Book |
Bengali Keyboard